Dynamic structure of household expenditures in the Federal republic of Germany analysis and projections 1955-1969/1971 and 1975/1977

Salvato in:
Dettagli Bibliografici
Autore principale: Gollnick, Heinz G.L
Natura: Libro
Lingua:inglese
Pubblicazione: Amsterdam North-Holland Publishing Company 1975
Soggetti:
Tags: Aggiungi Tag
Nessun Tag, puoi essere il primo ad aggiungerne!!

MARC

LEADER 00000nam a2200000 4500
001 c100999
005 20221123135241.4
020 |a 0-7204-0312-X 
041 0 |a eng 
044 |a NL 
245 1 0 |a Dynamic structure of household expenditures in the Federal republic of Germany  |b analysis and projections 1955-1969/1971 and 1975/1977  |c Heinz G.L. Gollnick 
264 1 |a Amsterdam  |b North-Holland Publishing Company  |c 1975 
300 |a 251 s. 
610 2 0 |a výdavky obyvateľstva 
610 2 0 |a domácnosti 
610 2 0 |a náklady životné 
610 2 0 |a modely dynamické 
610 2 0 |a rovnice regresné 
610 2 0 |a analýza regresná 
610 2 0 |a Nemecko 
610 2 0 |a 1955-1971 
610 2 0 |a 1975-1977 
100 1 |a Gollnick, Heinz G.L.